Tropical soils and fertiliser use (Record no. 41045)

MARC details
000 -LEADER
fixed length control field 00538nam a2200193Ia 4500
082 ## - DEWEY DECIMAL CLASSIFICATION NUMBER
Classification number 631.445.7:631.8
Item number AHN
100 ## - MAIN ENTRY--AUTHOR NAME
Personal name Ahn, P M
245 #0 - TITLE STATEMENT
Title Tropical soils and fertiliser use
260 ## - PUBLICATION, DISTRIBUTION, ETC. (IMPRINT)
Place of publication England
Name of publisher Longman Scientific and Technical
Year of publication 1993
650 ## - SUBJECT ADDED ENTRY--TOPICAL TERM
Topical Term Plantationcrops fertiliser
650 ## - SUBJECT ADDED ENTRY--TOPICAL TERM
Topical Term Rubber ertiliser
650 ## - SUBJECT ADDED ENTRY--TOPICAL TERM
Topical Term Rubber siols
650 ## - SUBJECT ADDED ENTRY--TOPICAL TERM
Topical Term Soil classification
650 ## - SUBJECT ADDED ENTRY--TOPICAL TERM
Topical Term Soil fertility
650 ## - SUBJECT ADDED ENTRY--TOPICAL TERM
Topical Term Soil management
650 ## - SUBJECT ADDED ENTRY--TOPICAL TERM
Topical Term Trace elements
942 ## - ADDED ENTRY ELEMENTS (KOHA)
Koha item type Books
Holdings
Withdrawn status Lost status Damaged status Not for loan Home library Current library Date acquired Cost, normal purchase price Full call number Accession Number Koha item type
        RRII Library RRII Library 16/12/2021 11.20 631.445.7:631.8 AHN 21337 Books